Stationen von Fußballspielern (80er/90er) - Statistiken

Allgemein
  • Dieses Quiz wurde 188 mal gespielt
  • Das Durchschnittsergebnis liegt bei 16 aus 23
Antwortstatistiken
% Korrekt
1995-97 Bayern München
100%
1988-90 Borussia Dortmund
95%
1994-00 Borussia Dortmund
95%
1994-96 Bayer Leverkusen
87%
1982-87 Werder Bremen
86%
2000-03 Schalke 04
85%
1989-92 Inter Mailand
83%
1984-89 VfB Stuttgart
83%
1996-01 Real Madrid
75%
1985-96 1. FC Köln
73%
1987-92 AS Rom
72%
1985-87 Eintracht Frankfurt
72%
1990-92 Eintracht Frankfurt
72%
2003-04 Eintracht Frankfurt
72%
1994-95 Tottenham Hotspur
66%
1998 Tottenham Hotspur
66%
1992-94 Juventus Turin
64%
1980-82 1860 München
54%
1992-94 Olympique Marseille
54%
1981-84 Stuttgarter Kickers
46%
1977-80 Kickers Offenbach
34%
1992-94 AS Monaco
32%
1997-98 Sampdoria Genua
29%
Keine übereinstimmenden Quizze gefunden
Verteilung der Resultate
Anzahl Personen mit jedem Resultat
Perzentil nach korrekt beantworteten Fragen
Ihre Resultats-Entwicklung
Sie haben dieses Quiz noch nicht gespielt